La Revista "Estudios Sociales Centroamericanos": un análisis de contenido /
Describe de manera cuantitativa y cualitativa, lo que fue esa revista. Inicia señalando el contexto en que surge la revista en los años setenta, posteriormente describe las distintas características de la revista: directores, estructura, tendencias de los artículos por disciplina, concentraciones te...
Salvato in:
| Autore principale: | |
|---|---|
| Natura: | testo |
| Soggetti: | |
| Tags: |
Aggiungi Tag
Nessun Tag, puoi essere il primo ad aggiungerne!!
|
MARC
| LEADER | 00000 a a2200000 04500 | ||
|---|---|---|---|
| 001 | 12713 | ||
| 003 | |||
| 040 | |||
| 100 | |a Aguilera Peralta, Gabriel | ||
| 245 | |a La Revista "Estudios Sociales Centroamericanos": |b un análisis de contenido / |c Gabriel Aguilera Peralta | ||
| 520 | |a Describe de manera cuantitativa y cualitativa, lo que fue esa revista. Inicia señalando el contexto en que surge la revista en los años setenta, posteriormente describe las distintas características de la revista: directores, estructura, tendencias de los artículos por disciplina, concentraciones temáticas mayoritarias en los artículos, porcentaje dedicado a problemáticas nacionales, temas teóricos y años de introducción |a nacionalidad de los autores e incidencia de repetición de autores en los artículos. Posteriormente presenta las conclusiones, a saber: a.- tuvo una longevidad reducida poco común |a b.- la Dirección de la revista reflejó cambios de Dirección del Programa de Ciencias Sociales del CSUCA |a c.- la tendencia de los artículos se concentró en Ciencias Sociales: sociología, ciencia política y economía |a d.- las concentraciones temáticas indican las direcciones concretas de desarrollo de las disciplinas |a e.- presencia satisfactoria de estudios de todos los países centroamericanos |a f.- se cumplió el objetivo de promover el debate teórico |a g.- la mayoría de los autores son centroamericanos, con lo que se cumple su objetivo de ser medio de expresión de los científicos de la región |a h.- se logró mantener permanentemente la promoción de autores y no una concentración de los científicos más estables. Finaliza señalando que esta revista realizó una contribución importante y equilibrada al desarrollo de las Ciencias Sociales en Centroamérica. VJ/JM | ||
| 650 | |a CIENCIAS SOCIALES | ||
| 650 | |a INVESTIGACION SOCIAL | ||
| 650 | |a ANALISIS DE LA INFORMACION | ||
| 650 | |a RESULTADOS DE INVESTIGACION | ||
| 773 | |g número 8; páginas 19-23 | ||
| 999 | |c 31973 |d 31973 | ||
| 773 | 0 | |0 43288 |9 5112 |a Facultad Latinoamericana de Ciencias Sociales |d San José, Costa Rica: FLACSO, 1981- |o MFN: 1532 |t Polémica/ | |
